| 000 | 01267cam a2200373 i 4500 | ||
|---|---|---|---|
| 999 |
_c529543 _d529543 |
||
| 001 | 20532812 | ||
| 003 | NUST | ||
| 005 | 20190927150721.0 | ||
| 008 | 180608s2017 pk b 000 0 eng | ||
| 010 | _a 2018306308 | ||
| 020 | _a9789698535476 | ||
| 025 | _aP-E-2018306308; 04 | ||
| 037 | _bLibrary of Congress -- Islamabad Overseas Office | ||
| 038 | _awaseem | ||
| 040 |
_aDLC _beng _cDLC _erda |
||
| 042 |
_alcode _apcc |
||
| 043 | _aa-pk--- | ||
| 050 | 0 | 0 |
_aHF3790.5 _b.P47 2017 |
| 082 |
_a382.095491 _bPER |
||
| 245 | 0 | 0 |
_aPerspectives on Pakistan's trade and development / _cedited by Zafar Mahmood. |
| 264 | 1 |
_aIslamabad : _bNational University of Sciences and Technology, _c2017. |
|
| 300 |
_avii, 239 pages ; _c24 cm |
||
| 336 |
_atext _btxt _2rdacontent |
||
| 337 |
_aunmediated _bn _2rdamedia |
||
| 338 |
_avolume _bnc _2rdacarrier |
||
| 504 | _aIncludes bibliographical references. | ||
| 651 | 0 |
_aPakistan _xCommerce. _921795 |
|
| 651 | 0 |
_aPakistan _xEconomic policy. _911106 |
|
| 700 | 1 |
_aMahmood, Zafar, _eeditor. _921796 |
|
| 710 | 2 |
_aNational University of Sciences and Technology (Islāmābād, Pakistan) _epublisher _94252 |
|
| 906 |
_a7 _bcbc _corigode _d3 _encip _f20 _gy-gencatlg |
||
| 942 |
_2ddc _cBK |
||